|
|
|
|
| LEADER |
02069cas a2200397 a 4500 |
| 001 |
c000188304 |
| 003 |
CARM |
| 005 |
20051107112822.0 |
| 008 |
811014d19281945it uu p 0 b0ita d |
| 010 |
|
|
|a sn 95031881
|
| 019 |
1 |
|
|a 13249714
|z 40756726
|z 45776739
|5 LACONCORD2021
|
| 030 |
|
|
|a ATFNAT
|
| 035 |
|
|
|a (OCoLC)32556595
|5 LACONCORD2021
|
| 040 |
|
|
|a LC
|b eng
|c LC
|d LC
|
| 042 |
|
|
|a lcd
|
| 050 |
|
4 |
|a Q54
|b .A88
|
| 245 |
0 |
0 |
|a Atti della Reale accademia delle scienze di Torino.
|p Classe di scienze fisiche, matematiche e naturali.
|
| 246 |
3 |
0 |
|a Classe di scienze fisiche, matematiche e naturali
|
| 246 |
3 |
|
|i Vols. 68-80 called:
|a Atti della Reale accademia delle scienze di Torino.
|n Tomo 1,
|p Classe di scienze fisiche, matematiche e naturali
|
| 260 |
|
|
|a Torino, :
|b Libreria Fratelli Bocca,
|c 1928-1946.
|
| 300 |
|
|
|a 18 v. :
|b ill. ;
|c 25 cm.
|
| 362 |
0 |
|
|a Vol. 63 (1927/28)-v. 80 (1944/45).
|
| 500 |
|
|
|a At head of title: Acta R. Academiae Scientiarum Taurinensis.
|
| 650 |
|
0 |
|a Physical sciences
|v Periodicals.
|
| 650 |
|
0 |
|a Mathematics
|v Periodicals.
|
| 650 |
|
0 |
|a Natural history
|v Periodicals.
|
| 710 |
2 |
|
|a Reale accademia delle scienze di Torino.
|b Classe di scienze fisiche, matematiche e naturali.
|
| 780 |
0 |
1 |
|t Atti della R. accademia delle scienze di Torino
|w (DLC)sn 90024009
|w (OCoLC)1460739
|
| 785 |
0 |
0 |
|t Atti della Accademia delle scienze di Torino. Tomo 1, Classe di scienze fisiche, matematiche e naturali.
|d Torino : La Accademia, 1948-
|x 0001-4419
|y AATFAA
|w (DLC)sn 85006184
|
| 852 |
8 |
|
|b CARM
|h A2:AQ20B0
|i C07790
|p 0259629
|f SE
|
| 852 |
8 |
|
|b CARM
|h A2:AQ20B0
|i C07798
|p 0261657
|f SE
|
| 866 |
|
0 |
|a 63(1927)-80(1945) Inc.
|
| 866 |
|
0 |
|a 63(1927)-80(1945) Inc.
|
| 999 |
f |
f |
|i 284012cf-54ff-51b3-bbf3-a2d38a47f265
|s 2e457ff4-ec12-5eb5-8c19-85232b45ca89
|
| 952 |
f |
f |
|p Can circulate
|a CAVAL
|b CAVAL
|c CAVAL
|d CARM 1 Store
|e C07798
|f A2:AQ20B0
|h Other scheme
|i book
|k 65(1929)-66(1931);69(1933)-74(1939);76(1940)-80(1945)
|m 0261657
|
| 952 |
f |
f |
|p Can circulate
|a CAVAL
|b CAVAL
|c CAVAL
|d CARM 1 Store
|e C07790
|f A2:AQ20B0
|h Other scheme
|i book
|k 63(1927)-64(1929),68(1932/33)
|m 0259629
|